Ossos do crânio - Statistics

Estatísticas Gerais
  • Esse quiz foi jogado 336 vezes
  • A pontuação média é 8 de 10
Estatísticas das Respostas
Imagem Resposta % Correto
Frontal
96%
Mandíbula
89%
Temporal
89%
Maxilar
84%
Occipital
83%
Nasal
82%
Parietal
78%
Zigomático
76%
Esfenoide
68%
Etmoide
54%
Nenhum quiz correspondente encontrado
Distribuição das Pontuações
Porcentagem de Pessoas com Cada Pontuação
Percentil de Números Respondidos
Sua Pontuação Histórica
Você não jogou esse quiz